| 000 | 00963nac a22002897a 4500 | ||
|---|---|---|---|
| 001 | BR9802907 | ||
| 003 | BR-BrBNA | ||
| 005 | 20240105122026.0 | ||
| 008 | 230509b bl.|||m| |||| 00| 0 por d | ||
| 040 |
_aBR-BrBNA _bpor _cBiblioteca Nacional de Agricultura |
||
| 072 | _aH10 | ||
| 090 | _a1105 BR9802907 | ||
| 100 | 1 | _aFazolin, M. | |
| 100 | 1 | _aLedo, A. da S. | |
| 110 | 1 | _aCentro de Pesquisa Agroflorestal do Acre, Rio Branco (Brasil) | |
| 245 | 1 | _aEpocas de ocorrencia e medidas de controle dos insetos associados aos frutos da gravioleira, em Rio Branco, Acre | |
| 260 | 3 |
_aRio Branco, AC (Brasil): _c1997. |
|
| 300 | _a20 p. | ||
| 490 |
_aCircular Tecnica - Centro de Pesquisa Agroflorestal do Acre (Brazil) _vno. 13 _xISSN 0100-9915 |
||
| 500 | _a5 ref.; 13 illus. | ||
| 650 | _aGraviola | ||
| 650 | _aInseto | ||
| 650 | _aControle Integrado | ||
| 650 | _aAcre | ||
| 909 |
_a202312 _bLúcia Elande _c55 _dLúcia Elande |
||
| 942 |
_2AGRIS _n0 _cMS |
||
| 999 |
_c288794 _d288794 |
||